Online Catalogue and eLibrary

Ratin rata thoraturu2 (Record no. 5302)

MARC details
000 -LEADER
fixed length control field 00408nam a2200157Ia 4500
005 - DATE AND TIME OF LATEST TRANSACTION
control field 20250703154416.0
008 - FIXED-LENGTH DATA ELEMENTS--GENERAL INFORMATION
fixed length control field 240331s9999 xx 000 0 und d
020 ## - INTERNATIONAL STANDARD BOOK NUMBER
ISBN 9556230289
082 ## - DDC Classification
Item Number - Author Mark SEN
Class No. 900
100 ## - MAIN ENTRY--PERSONAL NAME
Personal name Senevirathne,C
245 #0 - TITLE STATEMENT
Title Ratin rata thoraturu2
260 ## - PUBLICATION, DISTRIBUTION, ETC.
Place of publication, distribution, etc. Dankotuwa
Name of publisher, distributor, etc. C. Lionel De Silva
Date of publication, distribution, etc. 1995
300 ## - PHYSICAL DESCRIPTION
Extent (e.g. Volumes, Pages etc.) 134 p .,
500 ## - GENERAL NOTE
General note Women's Country by Country Information 2
942 ## - Koha item type (Biblio)
Koha item type Books in Stacks (Lending)
Holdings
Lost status Damaged status Collection code Home library Current library Shelving location Date acquired Full call number Accession Number Item type
    Lending WERC Library WERC Library Social Science Cupboard 03/31/2024 900 SEN 5359 Books in Stacks (Lending)

© WERC Library